Bố già The godfather

Kể về cuộc đời đầy uy quyền và thế lực của "Bố già" - ông trùm Don Vito Corleone, một trong những thủ lĩnh tối cao của Mafia Mỹ. Qua đó giới thiệu với bạn đọc về một hiện tượng phức tạp đang tồn tại trong xã hội Mỹ. Bố già xâ...

Disgrifiad llawn

Wedi'i Gadw mewn:
Manylion Llyfryddiaeth
Prif Awdur: Puzo, Mario
Awduron Eraill: Ngọc, Thứ Lang
Fformat: Llyfr
Iaith:Undetermined
Cyhoeddwyd: H. Lao động 2010
Pynciau:
Mynediad Ar-lein:http://lrc.tdmu.edu.vn/opac/search/detail.asp?aID=2&ID=14980
Tagiau: Ychwanegu Tag
Dim Tagiau, Byddwch y cyntaf i dagio'r cofnod hwn!
Thư viện lưu trữ: Trung tâm Học liệu Trường Đại học Thủ Dầu Một
LEADER 01269nam a2200229Ia 4500
001 TDMU_14980
008 210410s9999 xx 000 0 und d
082 |a 813 
090 |b P534 
100 |a Puzo, Mario 
245 0 |a Bố già 
245 4 |b The godfather 
245 0 |c Mario Puzo; Ngọc Thứ Lang dịch 
260 |a H. 
260 |b Lao động 
260 |c 2010 
300 |a 591tr. 
520 |a Kể về cuộc đời đầy uy quyền và thế lực của "Bố già" - ông trùm Don Vito Corleone, một trong những thủ lĩnh tối cao của Mafia Mỹ. Qua đó giới thiệu với bạn đọc về một hiện tượng phức tạp đang tồn tại trong xã hội Mỹ. Bố già xây dựng dựa trên hình ảnh của Don Vita Cascio Ferro thực ngoài đời, một trong những thủ lĩnh quan trọng đầu tiên của giới Mafia Ý di cư sang Mỹ. 
650 |a Tiểu thuyết xã hội Mỹ; Văn học Mỹ  |x Tiểu thuyết xã hội 
700 |a Ngọc, Thứ Lang 
856 |u http://lrc.tdmu.edu.vn/opac/search/detail.asp?aID=2&ID=14980 
980 |a Trung tâm Học liệu Trường Đại học Thủ Dầu Một